• 首页
  • 本馆介绍
  • 公告通知
  • 最新文献
  • 馆藏检索
  • 电子资源
  • 读者导购
  • 参考咨询
  • 我的图书馆
  • 登录
  • 详细信息显示
  • 放入我的书架
  • 预约/预借图书
  • 作者相关作品
  • 分类相关作品
  • 丛书相关作品
  • 出版社相关作品

书目信息

  • 表格格式
  • 工作单格式
  • 卡片格式
题名:
钢结构工程施工工艺标准
    
 
作者: 北京城建集团 编
分册:  
出版信息: 北京   中国计划出版社  2016.04
页数: 431页
开本: 26cm
丛书名:
单 册:
中图分类: TU758.11-65
科图分类:
主题词: 建筑工程--各种
电子资源:
ISBN: 978-7-80242-026-7
000 00692nam0 2200205 450
001 1068
005 20161008084206.04
010    @a978-7-80242-026-7@b平装@dCNY30.00
100    @a20160830d2016 km y0chiy0120 ea
101 0  @achi
102    @aCN@b110000
200 1  @a钢结构工程施工工艺标准@Agang jie gou gong cheng shi gong gong yi biao zhun@f北京城建集团编@Fbei jing cheng jian ji tuan bian
210    @a北京@c中国计划出版社@d2016.04
215    @a431页@d26cm
330    @a钢结构-工程施工-标准-中国
606 0  @a建筑工程@x各种
690    @aTU758.11-65@v4
701  0 @a北京城建集团@Abei jing cheng jian ji tuan@4编
801  0 @aCN@b唐山师范学院图书馆@c20160830
905    @aZUCC@dTU758.11-65@e863
    
    钢结构工程施工工艺标准/北京城建集团编.-北京:中国计划出版社,2016.04
    431页;26cm
    
    
    ISBN 978-7-80242-026-7(平装):CNY30.00
    钢结构-工程施工-标准-中国
●
相关链接 在E读中查询图书 在五车中查询图书 在当当中查询图书 在豆瓣中查询图书


正题名:钢结构工程施工工艺标准     索取号:TU758.11-65/863         预约/预借

序号 登录号 条形码 馆藏地/架位号 状态 备注
1 906750   209067506   第二样本阅览室/ [索取号:TU758.11-65/863] 在馆    
2 906751   209067515   第三借阅区/ [索取号:TU758.11-65/863] 在馆    
3 906752   209067524   第三借阅区/ [索取号:TU758.11-65/863] 在馆    
4 906753   209067533   第三借阅区/ [索取号:TU758.11-65/863] 在馆    
5 906754   209067542   第三借阅区/ [索取号:TU758.11-65/863] 在馆    
唐山师范学院图书馆 欢迎您!
大连网信软件有限公司© 版权所有